|
|
|
|
| LEADER |
00905cam a2200241 7i4500 |
| 001 |
0000060450 |
| 005 |
20220705090000.0 |
| 020 |
|
|
|a 9780124115958 (electronic book)
|
| 090 |
0 |
0 |
|a TD892
|b .M87 2014
|
| 100 |
1 |
|
|a Murphy, Enda
|
| 245 |
1 |
0 |
|a Environmental noise pollution :
|b noise mapping, public health, and policy
|c by Enda Murphy, Eoin A. King.
|
| 300 |
|
|
|a 1 online resource (xiii, 268 pages):
|b illustrations, text file, PDF.
|
| 336 |
|
|
|a text
|2 rdacontent
|
| 337 |
|
|
|a computer
|2 rdamedia
|
| 338 |
|
|
|a online resource
|2 rdacarrier
|
| 650 |
|
0 |
|a Noise pollution --
|x Health aspects
|
| 650 |
|
0 |
|a Noise pollution --
|x Environmental aspects
|
| 655 |
|
0 |
|a Electronic books
|
| 700 |
1 |
|
|a King, Eoin A.
|
| 856 |
4 |
2 |
|u http://library.unisel.edu.my/web/guest/mylibrary
|
| 997 |
|
|
|a Health Sciences, Faculty
|
| 998 |
|
|
|a Environmental Health, Diploma
|
| 999 |
|
|
|a EBO0013216
|b EBOOK
|c EBOOK
|e Electronic resources
|